[Event "Nuremberg Zabo op 10th"]
[Site "Nuremberg"]
[Date "2008.09.20"]
[Round "2"]
[White "Dreiseitel, Ursula"]
[Black "Hager, Lothar"]
[Result "1/2-1/2"]
[WhiteElo "1351"]
[BlackElo "1623"]
[PlyCount "62"]
[EventDate "2008.09.19"]
[EventType "swiss"]
[EventRounds "5"]
[EventCountry "GER"]
[SourceTitle "EXT 2012"]
[Source "ChessBase"]
[SourceDate "2011.11.24"]
[SourceVersion "1"]
[SourceVersionDate "2011.11.24"]
[SourceQuality "1"]

1. d4 Nf6 2. c4 d6 3. Nc3 Bf5 4. g3 c6 5. Bg2 Nbd7 6. e4 Bg6 7. Nge2 e5 8. Be3 Be7 9. h3 0-0 10. 0-0 h6 11. Qb3 b6 12. Rad1 Qc8 13. Rd2 Rb8 14. Qd1 Re8 15. dxe5 Nxe5 16. b3 Bh7 17. Nf4 Bf8 18. Nh5 Ned7 19. Nxf6+ Nxf6 20. f3 Nd7 21. Bf4 Nc5 22. Be3 Rb7 23. f4 Nd7 24. Kh2 Nf6 25. f5 d5 26. cxd5 cxd5 27. Nxd5 Nxe4 28. Bxe4 Rxe4 29. f6 Qe6 30. fxg7 Bxg7 31. Nf4 Qe7 1/2-1/2

[Event "Nuremberg Zabo op 10th"]
[Site "Nuremberg"]
[Date "2008.09.19"]
[Round "1"]
[White "Hager, Lothar"]
[Black "Hirn, Oskar"]
[Result "0-1"]
[WhiteElo "1623"]
[BlackElo "2128"]
[PlyCount "70"]
[EventDate "2008.09.19"]
[EventType "swiss"]
[EventRounds "5"]
[EventCountry "GER"]
[SourceTitle "EXT 2012"]
[Source "ChessBase"]
[SourceDate "2011.11.24"]
[SourceVersion "1"]
[SourceVersionDate "2011.11.24"]
[SourceQuality "1"]

1. Nf3 c5 2. g3 Nc6 3. Bg2 d6 4. 0-0 g6 5. c3 Bg7 6. e4 e5 7. d3 Nge7 8. Be3 0-0 9. Nbd2 f5 10. exf5 gxf5 11. Nc4 d5 12. Na3 d4 13. Bd2 Kh8 14. Qe2 Be6 15. Ng5 Bg8 16. f4 exf4 17. Rxf4 Ng6 18. Rff1 dxc3 19. bxc3 Nge5 20. Rab1 Rb8 21. Bf4 Re8 22. Qh5 Qxd3 23. Bxc6 bxc6 24. Rxb8 Rxb8 25. Re1 Qxc3 26. Re3 Qa1+ 27. Kg2 Rb2+ 28. Re2 Qxa2 29. Rxb2 Qxb2+ 30. Kh3 Ng4 31. Nf3 Qxa3 32. Nh4 Nf2+ 33. Kg2 Bd5+ 34. Nf3 Qxf3+ 35. Qxf3 Nd3 0-1

[Event "Nuremberg-ch op 06th"]
[Site "Nuremberg"]
[Date "2006.06.03"]
[Round "2.34"]
[White "Hager, Lothar"]
[Black "Spiegelberg, Olaf"]
[Result "1-0"]
[WhiteElo "1598"]
[BlackElo "1866"]
[PlyCount "77"]
[EventDate "2006.06.02"]
[EventType "swiss"]
[EventRounds "5"]
[EventCountry "GER"]
[SourceTitle "EXT 2007"]
[Source "ChessBase"]
[SourceDate "2006.11.23"]
[SourceVersion "1"]
[SourceVersionDate "2006.11.23"]
[SourceQuality "1"]

1. Nf3 Nf6 2. g3 d6 3. Bg2 e5 4. d3 Nbd7 5. Nbd2 Be7 6. 0-0 Nc5 7. e4 h6 8. Qe2 Bg4 9. h3 Bh5 10. g4 Nxg4 11. hxg4 Bxg4 12. Nc4 Ne6 13. Qe1 h5 14. Nh2 Nd4 15. Nxg4 hxg4 16. Qd1 Qd7 17. c3 Nf3+ 18. Bxf3 gxf3 19. Qxf3 Rh3 20. Qf5 Qxf5 21. exf5 Kd7 22. Ne3 Rah8 23. Kg2 d5 24. Nxd5 Rh2+ 25. Kf3 R8h3+ 26. Ke2 Bh4 27. Be3 c6 28. Nb4 g5 29. Rg1 Rxe3+ 30. Kxe3 a5 31. Rh1 Rxh1 32. Rxh1 axb4 33. cxb4 Kd6 34. b3 c5 35. bxc5+ Kxc5 36. a3 f6 37. f3 b5 38. Rc1+ Kd5 39. b4 1-0

[Event "Nuremberg-ch op 06th"]
[Site "Nuremberg"]
[Date "2006.06.02"]
[Round "1.31"]
[White "Diehl, Achim"]
[Black "Hager, Lothar"]
[Result "1-0"]
[WhiteElo "1914"]
[BlackElo "1598"]
[PlyCount "67"]
[EventDate "2006.06.02"]
[EventType "swiss"]
[EventRounds "5"]
[EventCountry "GER"]
[SourceTitle "EXT 2007"]
[Source "ChessBase"]
[SourceDate "2006.11.23"]
[SourceVersion "1"]
[SourceVersionDate "2006.11.23"]
[SourceQuality "1"]

1. e4 c5 2. Nf3 e6 3. d4 cxd4 4. Nxd4 Nf6 5. f3 Be7 6. c4 Nc6 7. Nb5 d6 8. Bf4 e5 9. Be3 a6 10. N5c3 0-0 11. Nd2 Rb8 12. a3 Re8 13. b4 b6 14. Nb3 Bf8 15. Qd2 h6 16. Rd1 Nh7 17. b5 Nd4 18. Nxd4 exd4 19. Qxd4 f5 20. Bd3 Qf6 21. 0-0 Qe6 22. Nd5 g6 23. Nc7 Qd7 24. Nxe8 Qxe8 25. Rfe1 Be6 26. exf5 gxf5 27. Bf4 Qd7 28. Qe3 Bf7 29. Bxh6 Bxh6 30. Qxh6 axb5 31. cxb5 Re8 32. Rxe8+ Qxe8 33. Bxf5 Qe2 34. Bxh7+ 1-0

[Event "Mittelfrankenliga-B2a 0506"]
[Site "Germany"]
[Date "2005.11.20"]
[Round "2.7"]
[White "Hager, Lothar"]
[Black "Walter, Eugen"]
[Result "0-1"]
[WhiteElo "1540"]
[BlackElo "1798"]
[PlyCount "95"]
[EventDate "2005.10.16"]
[EventType "team"]
[EventRounds "9"]
[EventCountry "GER"]
[SourceTitle "EXT 2007"]
[Source "ChessBase"]
[SourceDate "2006.11.23"]
[SourceVersion "1"]
[SourceVersionDate "2006.11.23"]
[SourceQuality "1"]

1. Nf3 f5 2. d3 d6 3. g3 g6 4. Bg2 Bg7 5. Nbd2 c6 6. c3 e5 7. 0-0 Nh6 8. Re1 Nf7 9. Qc2 0-0 10. Nf1 Be6 11. Bd2 Nd7 12. Rad1 g5 13. h4 h6 14. hxg5 hxg5 15. N3h2 Qf6 16. e3 g4 17. Bc1 Bh6 18. b3 Rfe8 19. Qe2 Qg6 20. f4 gxf3 21. Nxf3 Nf6 22. Nh4 Qg5 23. Qf3 e4 24. Qf4 Qh5 25. Qf2 Ng4 26. Qe2 d5 27. Nh2 f4 28. dxe4 fxg3 29. Nxg4 Bxg4 30. Bf3 Qxh4 31. Bxg4 Ne5 32. Bf5 dxe4 33. Rf1 Nf3+ 34. Rxf3 Qh2+ 35. Qxh2 gxh2+ 36. Kxh2 exf3 37. Rg1+ Kh8 38. c4 Bg7 39. e4 Be5+ 40. Kh3 Rg8 41. Bg5 f2 42. Rf1 Rxg5 43. Rxf2 Rd8 44. Rf3 Rd2 45. Kh4 Bf6 46. Bg4 Rf5+ 47. Kh3 Rxf3+ 48. Bxf3 0-1

[Event "Nuremberg Zabo op 07th"]
[Site "Nuremberg"]
[Date "2005.09.25"]
[Round "5"]
[White "Boenisch, Oliver"]
[Black "Hager, Lothar"]
[Result "1/2-1/2"]
[WhiteElo "1286"]
[BlackElo "1548"]
[PlyCount "63"]
[EventDate "2005.09.23"]
[EventType "swiss"]
[EventRounds "5"]
[EventCountry "GER"]
[SourceTitle "EXT 2012"]
[Source "ChessBase"]
[SourceDate "2011.11.24"]
[SourceVersion "1"]
[SourceVersionDate "2011.11.24"]
[SourceQuality "1"]

1. e4 c5 2. Nf3 e6 3. d4 cxd4 4. Nxd4 a6 5. Nf3 Bc5 6. Bd3 Nc6 7. c3 h6 8. Qc2 b5 9. b4 Be7 10. a4 bxa4 11. Rxa4 Bb7 12. Bf4 Rc8 13. Qb2 Ra8 14. Nbd2 Nf6 15. c4 g5 16. Bg3 a5 17. b5 Nb4 18. Bb1 d6 19. 0-0 e5 20. Rc1 Nd7 21. Nb3 h5 22. h3 g4 23. hxg4 hxg4 24. Nh2 Bh4 25. Qe2 Bxg3 26. fxg3 Qg5 27. Rf1 Nf6 28. Rxa5 Qh6 29. Nxg4 Nxg4 30. Rxa8+ Bxa8 31. Qxg4 Qe3+ 32. Rf2 1/2-1/2

[Event "Nuremberg-ch op 05th"]
[Site "Nuremberg"]
[Date "2005.05.07"]
[Round "2"]
[White "Dreiseitel, Werner"]
[Black "Hager, Lothar"]
[Result "0-1"]
[WhiteElo "1277"]
[BlackElo "1611"]
[PlyCount "118"]
[EventDate "2005.05.06"]
[EventType "swiss"]
[EventRounds "5"]
[EventCountry "GER"]
[SourceTitle "EXT 2007"]
[Source "ChessBase"]
[SourceDate "2006.11.23"]
[SourceVersion "1"]
[SourceVersionDate "2006.11.23"]
[SourceQuality "1"]

1. d4 Nf6 2. c4 g6 3. Nc3 Bg7 4. e4 d6 5. Nf3 0-0 6. Be2 e5 7. 0-0 Nbd7 8. d5 h6 9. b4 Nh5 10. Be3 f5 11. exf5 gxf5 12. Bd2 Ndf6 13. Nxe5 dxe5 14. Bxh5 Nxh5 15. Qxh5 Qf6 16. Nb5 Rf7 17. Rac1 a6 18. Nc3 Bd7 19. Ne2 Kh7 20. Ng3 Rg8 21. Bc3 Qe7 22. Rfe1 Bh8 23. Qe2 Re8 24. Bd2 Rg7 25. Qh5 Qf6 26. Bc3 Rg5 27. Qe2 Rg6 28. Qc2 Qg5 29. f3 h5 30. Re2 h4 31. Bd2 Qe7 32. Nxf5 Qf6 33. Ne3 Rf8 34. Ng4 Bxg4 35. fxg4 Kg8 36. Bc3 Qf4 37. Rf2 Qxg4 38. Rxf8+ Kxf8 39. Rf1+ Kg8 40. Qf2 Rf6 41. Qe1 h3 42. g3 Qxc4 43. Rxf6 Bxf6 44. Bxe5 Qxd5 45. Qe2 Bxe5 46. Qg4+ Kf7 47. Qf5+ Ke7 48. Qh7+ Kd8 49. Qh4+ Kc8 50. Qxh3+ Kb8 51. Qg2 Qd1+ 52. Qf1 Bd4+ 53. Kg2 Qd2+ 54. Kh3 Qxb4 55. g4 Qa3+ 56. Kh4 Qxa2 57. g5 Qxh2+ 58. Kg4 Qg1+ 59. Qxg1 Bxg1 0-1

[Event "Nuremberg-ch op 05th"]
[Site "Nuremberg"]
[Date "2005.05.07"]
[Round "3"]
[White "Hager, Lothar"]
[Black "Steinmueller, Stefanie"]
[Result "0-1"]
[WhiteElo "1611"]
[BlackElo "1854"]
[PlyCount "124"]
[EventDate "2005.05.06"]
[EventType "swiss"]
[EventRounds "5"]
[EventCountry "GER"]
[SourceTitle "EXT 2007"]
[Source "ChessBase"]
[SourceDate "2006.11.23"]
[SourceVersion "1"]
[SourceVersionDate "2006.11.23"]
[SourceQuality "1"]

1. Nf3 Nf6 2. g3 g6 3. Bg2 Bg7 4. 0-0 0-0 5. d3 d5 6. Nbd2 c5 7. e4 Nc6 8. c3 e5 9. Re1 Re8 10. Qe2 h6 11. exd5 Nxd5 12. Ne4 Qe7 13. h3 Be6 14. Nh2 Rad8 15. Nd2 Qd7 16. Ne4 b6 17. h4 f5 18. Nd2 Nde7 19. Bf1 Bd5 20. Nhf3 Qd6 21. Nb3 Bf7 22. Bd2 Nd5 23. Rad1 b5 24. Bc1 b4 25. Qc2 a5 26. Nbd2 Nb6 27. Nc4 Nxc4 28. dxc4 Qc7 29. Be3 e4 30. Nd2 Ne5 31. Kg2 Qc6 32. Nb3 Nd3 33. Re2 a4 34. Nc1 Bxc4 35. b3 axb3 36. axb3 Nxc1 37. Red2 Rxd2 38. Rxd2 Bxf1+ 39. Kxf1 Nd3 40. cxb4 Nxb4 41. Qc4+ Kh7 42. Bxc5 Nd3 43. b4 Rc8 44. Rc2 Nxc5 45. bxc5 Rc7 46. h5 gxh5 47. Qe2 Qg6 48. Qc4 Qf6 49. Kg2 Qc6 50. Qe2 e3+ 51. Kh2 exf2 52. Qxf2 Kg6 53. Qe3 Qe4 54. Qb3 Rc6 55. Rg2 Rxc5 56. Qa2 Rc6 57. Kh3 Qe6 58. Qb1 Qc4 59. Kh2 Be5 60. Kh3 Qg4+ 61. Kh2 h4 62. Qb5 hxg3+ 0-1

[Event "Mittelfranken-chT 0405"]
[Site "Germany"]
[Date "2005.02.27"]
[Round "6.8"]
[White "Hager, Lothar"]
[Black "Appl, Rudolf"]
[Result "1/2-1/2"]
[WhiteElo "1582"]
[BlackElo "1757"]
[PlyCount "111"]
[EventDate "2004.10.17"]
[EventType "team"]
[EventRounds "9"]
[EventCountry "GER"]
[SourceTitle "EXT 2007"]
[Source "ChessBase"]
[SourceDate "2006.11.23"]
[SourceVersion "1"]
[SourceVersionDate "2006.11.23"]
[SourceQuality "1"]

1. Nf3 c5 2. d3 Nc6 3. g3 d6 4. Bg2 g6 5. 0-0 Bg7 6. e4 Nf6 7. Nbd2 0-0 8. Re1 Qc7 9. Nf1 e5 10. Ne3 Be6 11. c3 Rac8 12. Bd2 Rfd8 13. Ng5 Bd7 14. Rc1 Qb8 15. a3 h6 16. Nf3 Be6 17. c4 a6 18. Nd5 Kh7 19. h3 b5 20. b3 Ng8 21. Ne3 Rc7 22. Nh2 Qc8 23. g4 Nge7 24. Nd5 Rb7 25. Rf1 Nd4 26. Nf3 Nec6 27. Nxd4 Nxd4 28. b4 bxc4 29. dxc4 Qd7 30. Rb1 Rdb8 31. Bc3 Nc6 32. f4 cxb4 33. axb4 Bxd5 34. Qxd5 Nxb4 35. Bxb4 Rxb4 36. Rxb4 Rxb4 37. fxe5 Qa7+ 38. Kh1 dxe5 39. Rxf7 Rb1+ 40. Rf1 Rxf1+ 41. Bxf1 Qf2 42. Bg2 Qe1+ 43. Kh2 a5 44. c5 a4 45. Qa2 Qc3 46. Qxa4 Qxc5 47. Qa2 Qc7 48. Qe2 Bf6 49. Bf3 Qe7 50. Kg2 Qf7 51. Qc2 h5 52. gxh5 gxh5 53. Qe2 Kh6 54. Qc2 Qg6+ 55. Kh1 h4 56. Bg4 1/2-1/2